Nové partnerstvá a obchodná spolupráca Európskej únie v 21. storočí - výzva pre Slovensko po vstupe do EÚ25 dizertačná práca
Guardado en:
| Autor principal: | |
|---|---|
| Autor Corporativo: | |
| Otros Autores: | |
| Formato: | Libro |
| Lenguaje: | eslovaco |
| Publicado: |
Bratislava
2009
|
| Materias: | |
| Etiquetas: |
Sin Etiquetas, Sea el primero en etiquetar este registro!
|
MARC
| LEADER | 00000nam$a2200000$$$4500 | ||
|---|---|---|---|
| 001 | 0105814 | ||
| 005 | 20240109072117.5 | ||
| 041 | 0 | |a slo | |
| 044 | |a SK | ||
| 245 | 1 | 0 | |a Nové partnerstvá a obchodná spolupráca Európskej únie v 21. storočí - výzva pre Slovensko po vstupe do EÚ25 |b dizertačná práca |c Daniela Račková ; Igor Kosír |
| 264 | 1 | |a Bratislava |c 2009 | |
| 300 | |a 200 s. | ||
| 610 | 2 | 0 | |a spolupráca hospodárska medzinárodná |
| 610 | 2 | 0 | |a vzťahy obchodné |
| 610 | 2 | 0 | |a integrácia |
| 610 | 2 | 0 | |a globalizácia hospodárstva |
| 610 | 2 | 0 | |a Európska únia |
| 610 | 2 | 0 | |a Slovensko |
| 100 | 1 | |a Račková, Daniela | |
| 700 | 1 | |a Kosír, Igor | |
| 710 | 2 | |a Obchodná fakulta EU. Katedra medzinárodného obchodu | |